000 00636nam a22002057a 4500
003 OSt
005 20160707191311.0
008 160707b xxu||||| |||| 00| 0 eng d
020 _a0-07-287705-7
040 _cLIC
082 _22006
_aDC 170
_bB64t
245 _aToday's moral issues:
_bclassical and contemporary perspectives/
_hedited by Daniel Bonevac
250 _aFifth Edition
260 _aBoston:
_bMcGraw-Hill,
_cc2006.
300 _axiv, 658 pages;
_c23 cm.
650 0 _910966
_aEthical problems
_vTextbooks.
650 0 _910967
_aApplied ethics
_vTextbooks.
700 _910968
_aBonevac, Daniel A.
_eeditor.
942 _2ddc
_cDC
999 _c3288
_d3288